Quiz da Armênia - Statistics

Estatísticas Gerais
  • Esse quiz foi jogado 902 vezes
  • A pontuação média é 9 de 17
Estatísticas das Respostas
Dica Resposta % Correto
Países fazendo fronteira com a Armênia Geórgia
90%
Países fazendo fronteira com a Armênia Azerbaijão
89%
Países fazendo fronteira com a Armênia Turquia
88%
Países fora da Armênia com a maioria dos descendentes de armênios Rússia
85%
A Armênia fazia parte deste país antes de 1991 União Soviética
84%
Império que cometeu genocídio contra os armênios, 1914-1923 Império Otomano
79%
Países fazendo fronteira com a Armênia Irão
74%
Por volta de 300 d.C., a Armênia se tornou o primeiro país a oficialmente adotar esta religião {Cristian}ismo
73%
Capital Erevan
70%
Países fora da Armênia com a maioria dos descendentes de armênios Estados Unidos
52%
Cordilheira onde a Armênia fica Cáucaso
49%
Alta montanha em um país vizinho que é um símbolo nacional da Armênia Monte {Ararat}e
29%
Moeda oficial da Armênia Dram
20%
"Armênia" em armênio {Haya}stan
17%
Lago que representa cerca de 4% da superfície da Armênia Lago {Sevan}
15%
Segunda maior cidade Guiumri
14%
Terceira maior cidade Vanadzor
13%
Nenhum quiz correspondente encontrado
Distribuição das Pontuações
Porcentagem de Pessoas com Cada Pontuação
Percentil de Números Respondidos
Sua Pontuação Histórica
Você não jogou esse quiz